Baseball Positions - Statistics

General Stats
  • This quiz has been taken 41 times
  • The average score is 9 of 10
Answer Stats
Hint Answer % Correct
2 Catcher
100%
1 Pitcher
100%
6 Third Base
97%
3 First Base
97%
4 Second Base
97%
8 Center Field
94%
7 Left Field
94%
9 Right Field
94%
5 Shortstop
94%
10 Designated Hitter
75%
No matching quizzes found
Score Distribution
Percent of People with Each Score
Percentile by Number Answered
Your Score History
You have not taken this quiz